| 000 | 02504cam a22004338i 4500 | ||
|---|---|---|---|
| 999 |
_c11288 _d11288 |
||
| 001 | 20145442 | ||
| 003 | GZU | ||
| 005 | 20240520110250.0 | ||
| 008 | 171115s2019 mou b 001 0 eng | ||
| 010 | _a 2017054727 | ||
| 020 | _a9780323529112 (pbk. : alk. paper) | ||
| 022 | _a. | ||
| 035 | _a(DNLM)101716915 | ||
| 040 |
_aDNLM/DLC _beng _erda _cDLC _dDLC |
||
| 042 | _apcc | ||
| 050 | 0 | 0 |
_aRM300 _bVIS 2019 |
| 082 | 0 | 0 | _223 |
| 245 | 0 | 0 |
_aIntroduction to clinical pharmacology / _c[edited by] Constance G. Visovsky, Cheryl H. Zambroski, Shirley Hosler ; special editor, M. Linda Workman ; special editor, M. Linda Workman. |
| 250 | _aNinth edition. | ||
| 264 | 1 |
_aSt. Louis, Missouri : _bElsevier Inc., _c[2019] |
|
| 300 |
_axvi, 381 pages ; _ccm. _billustrations |
||
| 336 |
_atext _2rdacontent |
||
| 337 |
_aunmediated _2rdamedia |
||
| 338 |
_avolume _2rdacarrier |
||
| 500 | _aPreceded by Introduction to clinical pharmacology / Marilyn Winterton Edmunds. 2016. | ||
| 504 | _aIncludes bibliographical references and index. | ||
| 505 | 0 | _aPharmacology and the nursing process in LPN practice -- Legal, regulatory, and ethical aspects of drug administration -- Principles of pharmacology -- Drug calculation : preparing and administering drugs -- Anti-infective drugs : antibacterial, antitubercular, and antifungal agents -- Antivirals and antiretrovirals -- Drugs for allergy and respiratory problems -- Drugs affecting the renal/urinary and cardiovascular systems -- Drugs therapy for central nervous system problems -- Drug therapy for mental health -- Drugs for pain management -- Anti-inflammatory, anti-arthritis, and antigout drugs -- Drugs for gastrointestinal problems -- Drugs affecting the hematologic system -- Drugs for immunization and immunomodulation -- Hormones and drugs for osteoporosis -- Drug therapy for diabetes -- Drugs for eye and ear problems -- Over-the-counter drugs, herbal and alternative drugs, and vitamins and minerals. | |
| 520 | _a. | ||
| 650 | 1 | 2 |
_aPharmaceutical Preparations _xadministration & dosage |
| 650 | 2 | 2 | _aDrug Therapy |
| 655 | 2 | _aNurses' Instruction | |
| 700 | 1 |
_aVisovsky, Constance G., _eeditor. |
|
| 700 | 1 |
_aZambroski, Cheryl H., _eeditor. |
|
| 700 | 1 |
_aHosler, Shirley, _eeditor. |
|
| 700 | 1 |
_aWorkman, M. Linda, _eeditor. |
|
| 700 | 1 |
_iPreceded by (work): _aEdmunds, Marilyn W. _tIntroduction to clinical pharmacology. |
|
| 906 |
_a7 _brip _corignew _d1 _eecip _f20 _gy-gencatlg |
||
| 942 |
_2lcc _cBK _eNinth edition _h300 _iVIS _kRM |
||